1522 1728 1118 1612 1237 1622 1201 1998 1840 1998 1694 1906 1986 1866 1197 1486 1757 1130 1434 1293 1407 1229 1146 1734 1926 1998 1336 1946 1033 1235 1713 1950 1936 1344 1823 1041 1553 1838 1497 1687 1302 1042 1587 1960 1800 1852 1916 1983 1882 1221 1965 1934 1533 1218 1342 1454 1588 1282 1485 1797 1437 1798 1451 1204 1108 1036 1688 1591 1742 1252 1714 1728 1203 1478 1252 1974 1923 1042 1553 1707 1672 1734 1714 1581 1133 1538 1539 1149 1276 1430 1902 1217 1175 1197 1507 1388 1648 1538 1446 BCNSPRNW ULIB Ver.6.0+V

เปลี่ยนเป็นภาษาไทย

Change to English
 แสดงรายละเอียดบรรณานุกรม
  กลับหน้าหลัก

Brief Record : Get Marc (ISO 2709) : E-mail record : QR code < ปิดหน้าต่าง
LEADER : 00000nam 2200000uu 4500
001    13399112839
003     ULIB
008    110913s2551||||th 000 0 tha d
020    9744914874
050 04 BQ4190^bช616ค 2551
100 0  พระมหาวีระพันธ์ ชุติปัญโญ
245 10 ความสุขที่หายไป ตามกลับคืนได้หรือยัง? /^cชุติปัญโญ[นามแฝง]
250    พิมพ์ครั้งที่ 7
260    กรุงเทพฯ :^bใยไหม,^c2551
300    [158] หน้า :^bภาพประกอบ
650  7 ธรรมะ
650  7 ความสุข
945    ^p139^l0^i15355
995    กัณชพร
999    ^aใช้งานได้ทุกระบบ
รายการนี้ยังไม่มีแท็ก
คุณยังไม่ได้ล็อกอิน คุณสามารถมีกิจกรรมร่วมกับเว็บไซต์ได้ แต่ต้องล็อกอินก่อน ::
  ล็อกอิน

รายการสื่อสารสนเทศ

ลำดับที่ ประเภท เลขเรียก/บาร์โค้ด สถานที่ สถานะ
- ไม่พบข้อมูล -

รายการใกล้เคียง
    ผู้แต่ง [พระมหาวีระพันธ์ ชุติปัญโญ]

    หัวเรื่อง [ธรรมะ]
    หัวเรื่อง [ความสุข]

BibComment


ยังไม่เคยถูกคอมเมนท์

คอมเมนท์ทรัพยากรรายการนี้
  คอมเมนท์: ความสุขที่หายไป ต..


 Copyright 2026. Bcnsprnw @Library